000 00395 a2200157 4500
020 _a9780070590557
022 _a0070590559
082 _a338.5
090 _c5538
_d5538
100 _aMaddala,G.S.
245 _aMicroeconomics
_bTheory and Applications
_cG.S.Maddala
260 _aNew Delhi
_bTata McGraw-Hill
_c2004
300 _a634p
500 _aPaper cover
942 _aNBS
_cBK
_k338.5 MAD
999 _c347942
_d347942